• 首页
  • 本馆介绍
  • 公告通知
  • 最新文献
  • 馆藏检索
  • 电子资源
  • 读者导购
  • 参考咨询
  • 我的图书馆
  • 登录
  • 详细信息显示
  • 放入我的书架
  • 预约/预借图书
  • 作者相关作品
  • 分类相关作品
  • 丛书相关作品
  • 出版社相关作品

书目信息

  • 表格格式
  • 工作单格式
  • 卡片格式
题名:
第三条道路
    
 
作者: Sik , 希克 著 ;张斌 译
分册:  
出版信息: 北京   人民出版社  1982
页数: 355页
开本: 21cm
丛书名:
单 册:
中图分类: A81 , F40 , D18
科图分类:
主题词: 现代工业-工业社会学 , 工业社会学-现代工业 , 马克思列宁主义--研究 , 国际共产主义运动
电子资源:
ISBN:
000 01095nam0 2200337 45
001 0182006288
005 20060731145709.87
010    @dCNY1.20
091    @a3001.1802
100    @a19950704d1982 emky0chiy0121 ea
101 1  @achi@ccze
102    @aCN@b110000
105    @ay z 000yy
200 10 @a第三条道路@Adi san tiao dao lu@e马克思列宁主义理论与现代工业社会@f(捷)奥塔·希克(O. Sik)著@g张斌译
210    @a北京@c人民出版社@d1982
215    @a355页@d21cm
300    @a书名原文:Der Dritte Weg(Die Marxistisch Leninistische Theorie und Die Moderne Industriegesellschaft)
510 1  @aDer Dritte Weg(Die Marxistisch Leninistische Theorie und Die Moderne Industriegesellschaft)@zeng
606    @a现代工业-工业社会学
606    @a工业社会学-现代工业
606    @a马克思列宁主义@x研究
606 0  @a国际共产主义运动
690    @aA81@v3
690    @aF40@v3
690    @aD18
701 A1 @aSik@bO.@4著
701  1 @a希克@Axi ke@b奥塔@4著
702  0 @a张斌@Azhang bin@4译
801  2 @aCN@bNLC@c20060731
801  0 @aCN@b上海图书馆@c20040427
905    @f1@b174904@dD18@e7
    
    第三条道路:马克思列宁主义理论与现代工业社会/(捷)奥塔·希克(O. Sik)著/张斌译.-北京:人民出版社,1982
    355页;21cm
    书名原文:Der Dritte Weg(Die Marxistisch Leninistische Theorie und Die Moderne Industriegesellschaft)
    
    ISBN :CNY1.20
    
●
相关链接 在E读中查询图书 在五车中查询图书 在当当中查询图书 在豆瓣中查询图书


正题名:第三条道路     索取号:D18/7         预约/预借

序号 登录号 条形码 馆藏地/架位号 状态 备注
1 0174904   001011201   第一借阅区/ [索取号:D18/7] 在馆    
2 0174905   001011194   第一样本阅览室/ [索取号:D18/7] 在馆    
3 0440802   204408024   密集书库/ [索取号:D18/7] 在馆    
唐山师范学院图书馆 欢迎您!
大连网信软件有限公司© 版权所有